| 000 | 00607nam a2200169 a 4500 | ||
|---|---|---|---|
| 008 | 060316s1978 ||||||||||||||||| || u | ||
| 020 | _a007053392X | ||
| 050 | _aTK 151 Roe | ||
| 100 | _aRoe, Lionel B | ||
| 245 | 1 | 0 | _aPractical electrical project engineering |
| 260 |
_aNew York _bMcGraw-Hill _c1978 |
||
| 300 | _axviii, 348 p. : ill. | ||
| 350 | _a0.00 | ||
| 500 | _aIncludes index. | ||
| 650 | _aELECTRIC ENGINEERING--HANDBOOKS, MANUALS, ETC | ||
| 995 |
_D0.00 _FCBU-MAIN LIBRARY (Kitwe) _H1 _I55.50 _M1 _UAVAILABLE _ZMain Library Open Access Collection |
||
| 999 |
_c54228 _d54228 |
||